Kanun Tanah Negara 1965 (Akta 56/1965) (Hingga 25hb Jun 2004)

Bibliographic Details
Format: Book
Published: Selangor : Golden Books Centre Sdn Bhd , 2004
Subjects:

MARC

LEADER 00000cam a2200000 7i4500
001 0000015820
005 20050921.0
020 |a 967891512X 
040 |a INS 
090 0 0 |a KPG14.U5   |b K3 2004 
245 1 0 |a Kanun Tanah Negara 1965 (Akta 56/1965) (Hingga 25hb Jun 2004) 
260 |a Selangor :   |b Golden Books Centre Sdn Bhd ,   |c 2004 
300 |b 599p. ;   |c 24cm. 
650 0 0 |a Law reform   |x Law and legistlation   |z Malaysia 
999 |a 0000015631   |b BOOK   |c Open Shelf   |e Default branch 
999 |a 0000015632   |b BOOK   |c Open Shelf   |e Default branch 
999 |a 0000015633   |b BOOK   |c Open Shelf   |e Default branch 
999 |a 0000015634   |b BOOK   |c Open Shelf   |e Default branch 
999 |a 0000015635   |b BOOK   |c Open Shelf   |e Default branch